000
00280nam a2200109Ia 4500
008
180205s9999 xx 000 0 und d
020
_a
893143507x
100
_a
Lim, Angelica
245
_a
Dreamweaver :
_b
Mx2004 accelerated/
260
_a
Korea
_b
Korea
_c
2004
300
_a
312 pages
999
_c
354667
_d
354667